000 00918nam a2200253 i 4500
003 CSPC
005 20231121135548.0
007 ta
008 231121s2016 ph a m 000 0beng
090 _aUTH BSOA Ac121e
100 _aAcabado, Annie G.
_dauthor.
245 _aEnterpreneurial skills of market stall owners in LGU-Bato /
_cAnnie G. Acabado.
264 _aNabua, Camarines Sur :
_bCamarines Sur Polytechnic Colleges,
_c2016.
300 _a97 leaves :
502 _aUndergraduate Theses (BSOA) Office Administration
_cCamarines Sur Polytechnic Colleges
700 _aBase, Marifrance V.
_eauthor.
700 _aSaluna, Cyra Mariel B.
_eauthor.
720 _aIllo, Shirley M.
_eadviser.
720 _aEscolano, Emilda E.
_epanelist chairperson
720 _aSalazar, Teresita B.
_epanelist member
720 _aBinalla, Ana Marie A.
_epanelist member
942 _2ddc
_n0
_cUM
999 _c26580
_d26580